Ṣuḥafīyūn muʻāṣirūn, (Record no. 47469)

MARC details
000 -LEADER
fixed length control field 00741cam a22002171 4500
001 - CONTROL NUMBER
control field ne 64002543
003 - CONTROL NUMBER IDENTIFIER
control field DLC
005 - DATE AND TIME OF LATEST TRANSACTION
control field 20260227111805.0
008 - FIXED-LENGTH DATA ELEMENTS--GENERAL INFORMATION
fixed length control field 840112s1964 ua 000 0 ararc
010 ## - LIBRARY OF CONGRESS CONTROL NUMBER
LC control number ne 64002543
035 ## - SYSTEM CONTROL NUMBER
System control number (OCoLC)10294169
040 ## - CATALOGING SOURCE
Original cataloging agency Princeton Univ. Libr.
Transcribing agency TxU
Modifying agency TxU
-- DLC
042 ## - AUTHENTICATION CODE
Authentication code premarc
050 00 - LIBRARY OF CONGRESS CALL NUMBER
Classification number PN5463
Item number .A35
100 1# - MAIN ENTRY--PERSONAL NAME
Personal name Khiḍr, ʻAbbās.
245 10 - TITLE STATEMENT
Title Ṣuḥafīyūn muʻāṣirūn,
Remainder of title lamaḥāt min nashʼatahum wa-kifāḥahum.
Statement of responsibility, etc. bi-qalam ʻAbbās Khiḍr. Taqdīm Māhir Nasīm.
260 ## - PUBLICATION, DISTRIBUTION, ETC.
Place of publication, distribution, etc. al-Qāhirah,
Name of publisher, distributor, etc. Dār al-Karnak lil-Nashr wa-al-Ṭabʻ wa-al-Tawzīʻ
Date of publication, distribution, etc. [1964?]
300 ## - PHYSICAL DESCRIPTION
Extent 186 p.
Other physical details ports.
Dimensions 20 cm.
490 0# - SERIES STATEMENT
Series statement al-Maktabah al-Thaqāfīyah,
Volume/sequential designation 3
650 #0 - SUBJECT ADDED ENTRY--TOPICAL TERM
Topical term or geographic name entry element Journalists
Geographic subdivision Egypt.

No items available.

Powered by Koha